00418 2200157 4500001002100000008004100021035002000062245005000082100001900132260003700151300002000188082000800208650001800216990001300234990001300247INLIS000000000000284 ind  a0010-0322000284 aTHE CRANE AND THE FOX AND OTHER STORIEScIKHA aDIDIK DJUNAEDI aJAKARTAbGADING INTI PRIMAc2015 a53 hlm.c25 cm. a823 aFIKSI INGGRIS a102479-1 a102479-2